| 000 | 01131nab a2200265 u 4500 | ||
|---|---|---|---|
| 001 | 02778 | ||
| 003 | HDC | ||
| 007 | cr bn --- | ||
| 008 | 201220p2016 ne n |0 eng | ||
| 040 | _aHDC | ||
| 110 | _aAMER International Conference on Quality of Life The Akmani Hotel, Jakarta, Indonesia, 25-27 April 2015 | ||
| 245 | 0 |
_aRelevance of Regulatory Policies in Governing Adherence to Halal Concept in the Design of Food Premises in Malaysia / _cby Nor Hazirah Hasri, Mohd. Zafrullah Mohd. Taib and Sabarinah Sh. Ahmad |
|
| 260 |
_aAmsterdam, Netherlands : _bElsevier Ltd, _c2016 |
||
| 300 | _a1 online resource (9 pages) | ||
| 336 |
_atext _2rdacontent |
||
| 337 |
_acomputer _2rdamedia |
||
| 338 |
_aonline resource _2rdacarrier |
||
| 650 |
_aBeverage industry _zMalaysia _9764 |
||
| 650 |
_aFood industry and trade _zMalaysia _9172 |
||
| 650 |
_aHalal food industry _zMalaysia _9218 |
||
| 856 | _zRequest full-text at [email protected] | ||
| 942 | _2lcc | ||
| 942 | _cAR | ||
| 942 | _kJART 001577 | ||
| 999 |
_c165 _d165 |
||